| 000 | 00815cam a22002657a 4500 | ||
|---|---|---|---|
| 001 | 3207 | ||
| 005 | 20250507105225.0 | ||
| 020 | _a9780061928772 (pbk. bdg.) | ||
| 040 |
_aDLC _cDLC _beng |
||
| 050 | 0 | 0 | _aPZ7.K12774 |
| 082 | _a813.54 | ||
| 100 | 1 | _aKann, Victoria | |
| 245 | 1 | 0 |
_aTickled pink / _cKann, Victoria |
| 250 | _aFirst edition | ||
| 260 |
_aNew York : _bHarperFestival, _c2010 |
||
| 300 |
_a24 unnumbered pages : _bcolor illustration ; _c21 cm. |
||
| 490 | 0 | _aPinkalicious | |
| 505 | _aG | ||
| 520 | _aWhen Tiffany challenges her to a laugh-off, Pinkalicious is determined to come up with the all-time funniest joke. | ||
| 521 |
_a400
_bLexile |
||
| 521 |
_aG
_bRaz-Plus |
||
| 650 |
_apink _vfiction |
||
| 906 |
_a7 _bcbc _corignew _d4 _eepcn _f20 _gy-gencatlg |
||
| 942 |
_2ddc _cBK _n0 |
||
| 999 |
_c3207 _d3207 |
||